[Event "Cantabria-chT Honor"]
[Site "Cantabria"]
[Date "2008.11.08"]
[Round "1"]
[White "Poveda Casas, Antonio"]
[Black "Ceballos Hornero, Alberto"]
[Result "1-0"]
[WhiteElo "2088"]
[BlackElo "1852"]
[PlyCount "61"]
[EventDate "2008.11.08"]
[EventType "swiss"]
[EventCountry "ESP"]
[SourceTitle "EXT 2024"]
[Source "ChessBase"]
[SourceDate "2023.10.10"]
[SourceVersion "1"]
[SourceVersionDate "2023.10.10"]
[SourceQuality "1"]

1. d4 d5 2. Nf3 Nf6 3. e3 Nbd7 4. Bd3 c5 5. b3 cxd4 6. exd4 g6 7. Nbd2 Bg7 8. Bb2 0-0 9. 0-0 Re8 10. Re1 a6 11. c4 b6 12. Rc1 Bb7 13. c5 bxc5 14. dxc5 Nb8 15. Ne5 Nc6 16. Ndf3 Nd7 17. Nxf7 Kxf7 18. Ng5+ Kg8 19. Ne6 Bxb2 20. Nxd8 Bxc1 21. Nxb7 Ba3 22. Qg4 Nde5 23. Qe6+ Kg7 24. Rxe5 Nxe5 25. Qxe5+ Kg8 26. c6 e6 27. c7 Re7 28. Nd8 Rc8 29. Nxe6 Rcxc7 30. Qxc7 Rxc7 31. Nxc7 1-0